000 00726nam a2200241Ia 4500
003 OSt
005 20220923224140.0
006 a|||||r|||| 00| 0
007 ta
008 Pun
024 _a226,519
037 _cTextual
040 _aARTS
_cARTS
_bPun
041 _2Pun
_aPun
082 _aQ8441x:g, L92
100 _aਸਿੰਘ, ਗੁਰਚਰਨ
_9156291
245 0 _aਬਾਣੀ
_b ਕੇਦਜ਼ਰ ਤੇ ਵਿਕੇਜ਼ਦਰ
260 _aਨਵੀਜ਼ ਦਿੱਲੀ
_b ਵਿਵੀਅਨ-ਏਕਤਾ ਪ੍ਰਕਾFਨ
_c1979
300 _a159ਪੰ
_ccm.
650 _aਧਰਮ
942 _hQ8441x:g, L92
_cTEXL
_2CC
999 _c369531
_d369531